=LDR 00000nam 2200000 4500 =001 INLIS000000000021170 =005 20130612120042 =008 ***********************************ind** =035 ##$$0010-061300000021170 =041 ##$$a ind =082 ##$$a 2x4.2 =090 ##$$a 2x4.2, Sya f =100 ##$$a Syafe'i, Rachmat =245 ##$$a Fiqh Muamalah untuk IAIN, STAIN, PTAIS, dan Umum, Rachmat Syafe'i =260 ##$$a 2004 $b Bandung =300 ##$$a 278 hlm., 21 cm =650 ##$$a Fiqh Islam, Muamalah =850 ##$$a NBPNMAT